000 00984cam a2200325 a 4500
001 76942
003 BD-RjUL
005 20211209082916.0
008 200207s1966 enka 000 0 eng
035 _a(BD-RjUL)
035 _a2491840
040 _aLC
_beng
_cLC
_dVSL
041 1 _aeng
_afre
082 0 4 _a759.94
_223
_bCAP 1966
100 _aCanton, F. J. Sanchez
_9239010
110 2 _aMuseo del Prado.
_9239011
245 1 4 _aThe Prado
_c[by] F. J. Sanchez Canton. Translated from the French by James Cleugh.
250 _aNew rev. ed.
260 _aLondon:
_bThames and Hudson,
_c1966.
300 _a317 p. :
_billus. (part col.);
_c21 cm.
490 0 _aThe World of art library. Galleries ;
650 0 _aPainting
_zSpain
_zMadrid.
_9239012
700 1 _aSanchez Canton, Francisco Javier,
_d1891-1971.
_9239013
942 _2ddc
_cBK
999 _c76942
_d76942